| 000 | 01333ntaaa2200361 4500 | ||
|---|---|---|---|
| 003 | 01 | ||
| 005 | 20251027200546.0 | ||
| 008 | 0714s1973 ag 01 | ||
| 020 | _a8430105565 | ||
| 040 |
_aAR-BaBN _bspa _cAR-BaBN _eaacr _dRIC |
||
| 082 | _a225.823 J47t | ||
| 100 |
_aJeremias, Joachim _91188 |
||
| 245 |
_aTeología del Nuevo Testamento : _bI. La predicación de Jesús / _cJoachim Jeremias, traducido por Constantino Ruiz-Garrido |
||
| 260 |
_aSalamanca : _bEds. Sígueme, _c1974, c1973 |
||
| 300 |
_a378 p. ; _c22 cm. |
||
| 490 |
_aBiblioteca de estudios bíblicos ; _v2 |
||
| 500 | _aTítulo original: Neutestamentliche theologie, I. Die verkündigung Jesu | ||
| 500 | _aEl ej. 2 corresponde a la 3a ed. publicada en 1977 | ||
| 500 | _aIncluye referencias bibliográficas e índice analítico | ||
| 500 | _aBibliografía en p. 11 | ||
| 505 | _t1. ¿Hasta qué punto es fidedigna la tradición de las palabras de Jesús? | ||
| 505 | _t2. La misión | ||
| 505 | _t3. La aurora del tiempo de salvación | ||
| 505 | _t4. El plazo de gracia | ||
| 505 | _t5. El nuevo pueblo de Dios | ||
| 505 | _t6. Jesús y su conciencia de majestad | ||
| 505 | _t7. Pascua | ||
| 650 |
_aBIBLIA _9468 |
||
| 650 | _aNUEVO TESTAMENTO | ||
| 650 | _aTEOLOGIA | ||
| 700 |
_aRuiz-Garrido, Constantino _etraductor _91189 |
||
| 942 | _cBK | ||
| 999 |
_c395 _d395 |
||